[Event "Regionalliga Sued-Ost 1819"]
[Site "Bayern"]
[Date "2019.04.07"]
[Round "9.8"]
[White "Krause, Christian"]
[Black "Fuchs, Martin"]
[Result "1/2-1/2"]
[WhiteElo "1894"]
[BlackElo "2012"]
[PlyCount "96"]
[EventDate "2018.10.21"]
[EventType "team-tourn"]
[EventRounds "9"]
[EventCountry "GER"]
[SourceTitle "EXT 2022"]
[Source "ChessBase"]
[SourceDate "2021.10.06"]
[SourceVersion "1"]
[SourceVersionDate "2021.10.06"]
[SourceQuality "1"]
[WhiteTeam "Ebersberg Grafing"]
[BlackTeam "Starnberg SC"]
[WhiteTeamCountry "GER"]
[BlackTeamCountry "GER"]

1. c4 e5 2. g3 d6 3. Bg2 f5 4. d3 Nf6 5. Nc3 g6 6. e4 Bg7 7. Nge2 0-0 8. 0-0 Nc6 9. f3 Nd4 10. Be3 c5 11. Qd2 Be6 12. Nd5 Bxd5 13. exd5 Qb6 14. Rab1 Rae8 15. Rfe1 Nxe2+ 16. Rxe2 Qc7 17. b4 b6 18. bxc5 bxc5 19. Ree1 Rb8 20. Qc2 Rfe8 21. Bd2 Rxb1 22. Rxb1 Rb8 23. Rb3 Nd7 24. Qb1 Rb6 25. Bf1 Qb7 26. Be2 Qa6 27. Bd1 e4 28. fxe4 fxe4 29. Rxb6 Nxb6 30. Bb3 Bd4+ 31. Kg2 e3 32. Be1 Qc8 33. Qd1 Qe8 34. Qf3 Qe7 35. Qe4 Qxe4+ 36. dxe4 Kf7 37. Kf3 Kf6 38. g4 Nd7 39. h3 Ne5+ 40. Ke2 Kg5 41. Bg3 Nf7 42. Ba4 Be5 43. Kf3 Bxg3 44. Kxg3 Ne5 45. h4+ Kh6 46. g5+ Kg7 47. Bd1 Nxc4 48. Kf3 h6 1/2-1/2

[Event "Oberbayern Bezirksliga 1718"]
[Site "Germany"]
[Date "2018.02.04"]
[Round "6.2"]
[White "Fuchs, Martin"]
[Black "Glawe, Ralf"]
[Result "0-1"]
[WhiteElo "1987"]
[BlackElo "2053"]
[PlyCount "64"]
[EventDate "2017.10.22"]
[EventType "team-tourn"]
[EventRounds "9"]
[EventCountry "GER"]
[SourceTitle "EXT 2019"]
[Source "ChessBase"]
[SourceDate "2018.10.10"]
[SourceVersion "1"]
[SourceVersionDate "2018.10.10"]
[SourceQuality "1"]
[WhiteTeam "Starnberg II"]
[BlackTeam "Ingolstadt"]
[WhiteTeamCountry "GER"]
[BlackTeamCountry "GER"]

1. e4 c5 2. f4 d5 3. Nc3 Nf6 4. e5 d4 5. exf6 dxc3 6. fxg7 cxd2+ 7. Bxd2 Bxg7 8. Qh5 Qb6 9. Bc4 Be6 10. Bxe6 Qxe6+ 11. Ne2 Nc6 12. 0-0 Rd8 13. Bc3 Qe3+ 14. Kh1 Bxc3 15. Nxc3 Rd2 16. Rae1 Rf2 17. Nd5 Rxf1+ 18. Rxf1 Qe4 19. Qd1 Qf5 20. Re1 Rg8 21. Qf3 Rg6 22. Ne3 Re6 23. Qg3 Qg6 24. Qf2 Qe4 25. c3 Na5 26. f5 Re5 27. f6 Nc4 28. Qg3 exf6 29. Qg8+ Ke7 30. Rd1 Nd2 31. Rxd2 Qb1+ 32. Rd1 Qxd1+ 0-1

[Event "Oberbayern Bezirksliga 1718"]
[Site "Germany"]
[Date "2017.11.26"]
[Round "3.2"]
[White "Hauschild, Helmut"]
[Black "Fuchs, Martin"]
[Result "1-0"]
[WhiteElo "2081"]
[BlackElo "1987"]
[PlyCount "51"]
[EventDate "2017.10.22"]
[EventType "team-tourn"]
[EventRounds "9"]
[EventCountry "GER"]
[SourceTitle "EXT 2019"]
[Source "ChessBase"]
[SourceDate "2018.10.10"]
[SourceVersion "1"]
[SourceVersionDate "2018.10.10"]
[SourceQuality "1"]
[WhiteTeam "Waldkraiburg"]
[BlackTeam "Starnberg II"]
[WhiteTeamCountry "GER"]
[BlackTeamCountry "GER"]

1. e4 c5 2. d3 e6 3. g3 d5 4. Nd2 Nc6 5. Bg2 Nf6 6. Ngf3 Be7 7. 0-0 0-0 8. Re1 d4 9. e5 Nd5 10. a4 b6 11. Nc4 Bb7 12. h4 h6 13. Nh2 a6 14. Ng4 f5 15. exf6 Nxf6 16. Qe2 Nxg4 17. Qxe6+ Kh8 18. Qxg4 Rf6 19. Bf4 b5 20. Ne5 Qe8 21. h5 Nxe5 22. Bxe5 Bc8 23. Qe4 Ra7 24. Bxf6 gxf6 25. Qf3 Bb7 26. Qxf6+ 1-0

[Event "Ulm/Neu Ulm-ch"]
[Site "Ulm/Neu Ulm"]
[Date "2009.09.18"]
[Round "1"]
[White "Fuchs, Martin"]
[Black "Haitov, Haim"]
[Result "1-0"]
[WhiteElo "1753"]
[BlackElo "1386"]
[PlyCount "113"]
[EventDate "2009.09.18"]
[EventType "swiss"]
[EventRounds "5"]
[EventCountry "GER"]
[SourceTitle "EXT 2011"]
[Source "ChessBase"]
[SourceDate "2010.11.26"]
[SourceVersion "1"]
[SourceVersionDate "2010.11.26"]
[SourceQuality "1"]

1. e4 d5 2. exd5 Qxd5 3. Nc3 Qd8 4. g3 Nf6 5. Bg2 c6 6. Nge2 Bf5 7. 0-0 e5 8. d4 Nbd7 9. Bg5 Be7 10. dxe5 Nxe5 11. Bxf6 Bxf6 12. Ne4 Be7 13. Nd4 Bg6 14. c3 Qc7 15. Re1 0-0 16. Qb3 Kh8 17. f4 Nd3 18. Re3 f5 19. Rxd3 fxe4 20. Re3 Bf7 21. Qc2 Qb6 22. Bxe4 g6 23. Kg2 Bc5 24. Rd3 Rae8 25. Bf3 Bd5 26. Rd2 Re3 27. b3 Bf7 28. Rad1 Rfe8 29. Re2 a5 30. Rxe3 Rxe3 31. f5 Kg7 32. Be4 Rxe4 33. Qxe4 Bd5 34. Ne6+ Kf6 35. Rxd5 cxd5 36. Qxd5 Bg1 37. Qd8+ Kxf5 38. Qxb6 Bxb6 39. Nf4 Ke5 40. Kf3 Ba7 41. h3 b5 42. g4 g5 43. Nh5 Bc5 44. Ng3 Kd5 45. Ne4 Be7 46. Ke3 h6 47. Kd3 Bd8 48. c4+ bxc4+ 49. bxc4+ Kc6 50. Ng3 Bf6 51. Nf5 Kc5 52. Ne3 Be5 53. Nf5 a4 54. Ne3 Bd4 55. Nd1 Bf6 56. Nc3 a3 57. Ne4+ 1-0

[Event "Stuttgart-chB int"]
[Site "Ditzingen"]
[Date "2006.05.26"]
[Round "4"]
[White "Rough, Robert E"]
[Black "Fuchs, Martin"]
[Result "1-0"]
[WhiteElo "1459"]
[BlackElo "1851"]
[PlyCount "67"]
[EventDate "2006.05.25"]
[EventType "swiss"]
[EventRounds "7"]
[EventCountry "GER"]
[SourceTitle "EXT 2018"]
[Source "ChessBase"]
[SourceDate "2017.10.13"]
[SourceVersion "1"]
[SourceVersionDate "2017.10.13"]
[SourceQuality "1"]

1. d4 Nf6 2. Bf4 e6 3. e3 c5 4. c3 d5 5. Nf3 Nc6 6. Nbd2 Be7 7. Bd3 0-0 8. 0-0 a6 9. a4 b6 10. Ne5 Nxe5 11. dxe5 Nd7 12. Nf3 Bb7 13. Qc2 h6 14. h3 f5 15. exf6 Nxf6 16. Ne5 Bd6 17. Ng6 Rf7 18. Ne5 Re7 19. Ng6 Re8 20. Be5 Bxe5 21. Nxe5 Qd6 22. f4 Nd7 23. Bh7+ Kf8 24. Qg6 Re7 25. f5 Nf6 26. fxe6 Qxe5 27. Rxf6+ Qxf6 28. Rf1 Rxe6 29. Qg3 Qxf1+ 30. Kxf1 Rae8 31. Bg6 Rd8 32. Qc7 Rf6+ 33. Kg1 Rdd6 34. Qb8+ 1-0

[Event "Stuttgart-chB int"]
[Site "Ditzingen"]
[Date "2006.05.25"]
[Round "1"]
[White "Fuchs, Martin"]
[Black "Rempeli, Alexander"]
[Result "1/2-1/2"]
[WhiteElo "1851"]
[BlackElo "1428"]
[PlyCount "27"]
[EventDate "2006.05.25"]
[EventType "swiss"]
[EventRounds "7"]
[EventCountry "GER"]
[SourceTitle "EXT 2018"]
[Source "ChessBase"]
[SourceDate "2017.10.13"]
[SourceVersion "1"]
[SourceVersionDate "2017.10.13"]
[SourceQuality "1"]

1. e4 e6 2. d4 d5 3. Nc3 Nf6 4. e5 Nfd7 5. Nf3 c5 6. Bf4 Nc6 7. dxc5 Bxc5 8. Bd3 Qc7 9. 0-0 Ncxe5 10. Nxe5 Nxe5 11. Re1 Bxf2+ 12. Kxf2 Nxd3+ 13. Qxd3 Qxf4+ 14. Kg1 1/2-1/2

[Event "Regionalliga SO 0506"]
[Site "Bayern"]
[Date "2006.03.12"]
[Round "8.8"]
[White "Fuchs, Martin"]
[Black "Slawny, Dominik"]
[Result "1-0"]
[WhiteElo "2039"]
[BlackElo "1682"]
[PlyCount "61"]
[EventDate "2005.10.23"]
[EventType "team-tourn"]
[EventRounds "9"]
[EventCountry "GER"]
[SourceTitle "EXT 2007"]
[Source "ChessBase"]
[SourceDate "2006.11.23"]
[SourceVersion "1"]
[SourceVersionDate "2006.11.23"]
[SourceQuality "1"]
[WhiteTeam "Starnberg SC"]
[BlackTeam "Dorfen PSV"]
[WhiteTeamCountry "GER"]
[BlackTeamCountry "GER"]

1. e4 c5 2. f4 e6 3. Qe2 d6 4. Nf3 Nc6 5. d3 Nge7 6. Nc3 a6 7. g3 g6 8. Bg2 Bg7 9. g4 0-0 10. f5 exf5 11. gxf5 gxf5 12. Bd2 Re8 13. 0-0-0 b5 14. Ng5 h6 15. Nxf7 Kxf7 16. Qh5+ Kg8 17. exf5 Bxf5 18. Bxc6 Nxc6 19. Qxf5 Re5 20. Qh3 Qc8 21. Qg2 Kh8 22. Rhg1 Qb7 23. Qg6 Rg5 24. Bxg5 hxg5 25. Rxg5 Ne5 26. Qh5+ Kg8 27. Rdg1 Qe7 28. Rxg7+ Qxg7 29. Rxg7+ Kxg7 30. Qg5+ Kh7 31. Qe7+ 1-0

[Event "Vienna op-B 15th"]
[Site "Vienna"]
[Date "2006.??.??"]
[Round "7"]
[White "Dimitrov, Philip"]
[Black "Fuchs, Martin"]
[Result "1-0"]
[WhiteElo "1962"]
[BlackElo "1851"]
[PlyCount "113"]
[EventDate "2006.07.29"]
[EventType "swiss"]
[EventRounds "9"]
[EventCountry "AUT"]
[SourceTitle "CBM 113 Extra"]
[Source "ChessBase"]
[SourceDate "2006.09.14"]
[SourceVersion "1"]
[SourceVersionDate "2006.09.14"]
[SourceQuality "1"]

1. e4 d5 2. exd5 Nf6 3. c4 e6 4. d4 exd5 5. Nf3 Be7 6. Be2 0-0 7. 0-0 Re8 8. Nc3 Nc6 9. Be3 Be6 10. Ng5 Bf5 11. Rc1 h6 12. cxd5 Nxd5 13. Nxd5 Bxg5 14. Bxg5 Qxd5 15. Be3 Qxa2 16. Rc5 Be4 17. b3 b6 18. Rc3 Qa3 19. Bb5 Qb4 20. Rxc6 Qxb5 21. Rxc7 Qd5 22. Qg4 Bf5 23. Qh5 Kh7 24. Qxf7 Qxf7 25. Rxf7 Be6 26. Rb7 Bd5 27. Rc7 Bxb3 28. Ra1 a6 29. Rb1 Bd5 30. Rxb6 Reb8 31. Rxh6+ Kg8 32. Rg6 Rb1+ 33. Bc1 Bf7 34. Rgc6 a5 35. Rc8+ Rxc8 36. Rxc8+ Kh7 37. Kf1 a4 38. Ke2 Bb3 39. Ke3 Ra1 40. Rc3 Ra2 41. g4 Bd1 42. Bd2 a3 43. h3 Ra1 44. d5 a2 45. Ra3 Bb3 46. d6 Be6 47. Bc3 Rh1 48. f3 Rxh3 49. Rxa2 Bxg4 50. Kf4 Rxf3+ 51. Kxg4 Rxc3 52. Rd2 Rc8 53. d7 Rd8 54. Kf5 Kg8 55. Ke6 Kf8 56. Rf2+ Kg8 57. Ke7 1-0

[Event "Vienna op-B 15th"]
[Site "Vienna"]
[Date "2006.??.??"]
[Round "6"]
[White "Fuchs, Martin"]
[Black "Wieser, Andreas2222"]
[Result "1/2-1/2"]
[WhiteElo "1851"]
[BlackElo "1949"]
[PlyCount "20"]
[EventDate "2006.07.29"]
[EventType "swiss"]
[EventRounds "9"]
[EventCountry "AUT"]
[SourceTitle "CBM 113 Extra"]
[Source "ChessBase"]
[SourceDate "2006.09.14"]
[SourceVersion "1"]
[SourceVersionDate "2006.09.14"]
[SourceQuality "1"]

1. e4 e6 2. d4 d5 3. Nc3 Bb4 4. a3 Bxc3+ 5. bxc3 dxe4 6. Qg4 Kf8 7. Qxe4 Nf6 8. Qf3 Nbd7 9. Bb2 Rb8 10. Bd3 b6 1/2-1/2

[Event "Vienna op-B 15th"]
[Site "Vienna"]
[Date "2006.??.??"]
[Round "3"]
[White "Heiny, Michael"]
[Black "Fuchs, Martin"]
[Result "1-0"]
[WhiteElo "1935"]
[BlackElo "1851"]
[PlyCount "67"]
[EventDate "2006.07.29"]
[EventType "swiss"]
[EventRounds "9"]
[EventCountry "AUT"]
[SourceTitle "CBM 113 Extra"]
[Source "ChessBase"]
[SourceDate "2006.09.14"]
[SourceVersion "1"]
[SourceVersionDate "2006.09.14"]
[SourceQuality "1"]

1. d4 d5 2. c4 e5 3. dxe5 d4 4. Nf3 Nc6 5. g3 Bf5 6. Bg2 Qd7 7. 0-0 Bh3 8. Bxh3 Qxh3 9. e3 dxe3 10. Bxe3 f6 11. exf6 Nxf6 12. Ng5 Qf5 13. Qf3 Qxf3 14. Nxf3 0-0-0 15. Nc3 h6 16. Rad1 Bd6 17. Nb5 Be7 18. Bf4 Rxd1 19. Rxd1 Nh5 20. Be3 a6 21. Nbd4 Nxd4 22. Rxd4 Nf6 23. Rd3 Ne4 24. Nd2 Nxd2 25. Rxd2 Rd8 26. Rxd8+ Kxd8 27. Bd4 g6 28. Kf1 Kd7 29. Ke2 Ke6 30. f4 Bf6 31. Bxf6 Kxf6 32. Kf3 h5 33. h3 g5 34. g4 1-0

[Event "Wuerttemberg-ch U18"]
[Site "Friedrichshafen"]
[Date "2005.03.29"]
[Round "2"]
[White "Jaeckel, Thomas"]
[Black "Fuchs, Martin"]
[Result "1/2-1/2"]
[WhiteElo "1682"]
[BlackElo "1609"]
[PlyCount "48"]
[EventDate "2005.03.29"]
[EventType "swiss"]
[EventRounds "7"]
[EventCountry "GER"]
[SourceTitle "EXT 2007"]
[Source "ChessBase"]
[SourceDate "2006.11.23"]
[SourceVersion "1"]
[SourceVersionDate "2006.11.23"]
[SourceQuality "1"]

1. e4 d6 2. d4 Nf6 3. Nc3 g6 4. f4 Bg7 5. Nf3 b6 6. Bc4 Bb7 7. e5 dxe5 8. fxe5 Nd5 9. 0-0 0-0 10. Ne2 e6 11. Bg5 Qd7 12. Qe1 h6 13. Bxd5 Qxd5 14. Bf6 Bxf6 15. exf6 c5 16. Qh4 h5 17. Qf4 Qf5 18. Qxf5 exf5 19. dxc5 bxc5 20. Rad1 Ba6 21. Rd2 Bxe2 22. Rxe2 Nd7 23. Re7 Nxf6 24. Ng5 Nd5 1/2-1/2

[Event "Regionalliga SO 0304"]
[Site "Bayern"]
[Date "2003.11.23"]
[Round "3.7"]
[White "Fuchs, Martin"]
[Black "Wilhelm, Michael"]
[Result "1-0"]
[WhiteElo "2043"]
[BlackElo "1815"]
[PlyCount "75"]
[EventDate "2003.10.??"]
[EventType "team"]
[EventRounds "9"]
[EventCountry "GER"]
[SourceTitle "EXT 2006"]
[Source "ChessBase"]
[SourceDate "2005.11.24"]
[SourceVersion "1"]
[SourceVersionDate "2005.11.24"]
[SourceQuality "1"]
[WhiteTeam "Starnberg"]
[BlackTeam "Fuerstenfeldbruck"]
[WhiteTeamCountry "GER"]
[BlackTeamCountry "GER"]

1. e4 e5 2. Nf3 d5 3. exd5 Bd6 4. Bb5+ c6 5. dxc6 bxc6 6. Bc4 e4 7. Qe2 Qe7 8. Nd4 Nf6 9. d3 0-0 10. Bg5 Qe5 11. Bxf6 Qxf6 12. Qxe4 Bd7 13. 0-0 Re8 14. Qf3 Qxd4 15. Bxf7+ Kh8 16. Bxe8 Bxe8 17. Qe3 Qxe3 18. fxe3 Nd7 19. Nd2 Nf6 20. Nc4 Bc7 21. e4 Bg6 22. e5 Nd5 23. a3 Nb6 24. Nd6 Kg8 25. Rae1 Nd5 26. Nc4 Nb6 27. Rf4 Re8 28. Nxb6 axb6 29. d4 Bxc2 30. Rc1 Bb3 31. Rxc6 Re7 32. Rc3 Bd5 33. Kf2 h6 34. h4 Kh7 35. Rf8 Bxe5 36. dxe5 Rxe5 37. g3 b5 38. Rc5 1-0

[Event "Vienna op-B 14th"]
[Site "Vienna"]
[Date "2003.08.24"]
[Round "9"]
[White "Schmall, Wilhelm"]
[Black "Fuchs, Martin"]
[Result "0-1"]
[WhiteElo "1702"]
[BlackElo "1700"]
[PlyCount "108"]
[EventDate "2003.08.16"]
[EventType "swiss"]
[EventRounds "9"]
[EventCountry "AUT"]
[SourceTitle "CBM 095 Extra"]
[Source "ChessBase"]
[SourceDate "2003.09.04"]
[SourceVersion "1"]
[SourceVersionDate "2003.09.04"]
[SourceQuality "1"]

1. d4 d5 2. c4 e5 3. dxe5 d4 4. Nf3 Nc6 5. g3 Bf5 6. Bg2 Qd7 7. 0-0 Bh3 8. a3 Bxg2 9. Kxg2 Nge7 10. b4 Ng6 11. Bb2 Rd8 12. Nbd2 h5 13. Nb3 Ncxe5 14. Nxe5 Nxe5 15. Rc1 Nxc4 16. Bxd4 Nxa3 17. f3 Nb5 18. Bc5 Bd6 19. Qc2 Qe6 20. Bxd6 cxd6 21. Qd3 a6 22. e4 0-0 23. Nd4 Nxd4 24. Qxd4 Rc8 25. Qb6 Qd7 26. Rxc8 Rxc8 27. Rf2 Qc6 28. Qa5 g6 29. Qa2 Qc4 30. Qd2 Kg7 31. Qxd6 Rc6 32. Qe5+ f6 33. Qe7+ Qf7 34. Qxf7+ Kxf7 35. Rd2 Ke7 36. Kf2 Rd6 37. Rb2 Rb6 38. Ke3 Rb5 39. Kd4 a5 40. Kc4 Rxb4+ 41. Rxb4 axb4 42. Kxb4 Ke6 43. f4 Kd6 44. h4 Kc6 45. Kc4 Kd6 46. Kb5 Kc7 47. Kc5 b6+ 48. Kb5 Kb7 49. Kc4 Kc6 50. Kb4 b5 51. f5 gxf5 52. exf5 Kd6 53. Kxb5 Ke5 54. g4 hxg4 0-1